Introduction to High Energy Physics /

Guardado en:
Bibliografiske detaljer
Hovedforfatter: Perkins, Donald H. (autor)
Format: Bog
Sprog:engelsk
Udgivet: Cambridge, Inglaterra : Cambridge University, 2003, c2000
Udgivelse:4a edición
Fag:
Tags: Tilføj Tag
Ingen Tags, Vær først til at tagge denne postø!

MARC

LEADER 00000nam^a2200000^a^4500
001 000156942
005 20250521000000.0
009 20260310100521.763
020 |a 0-521-62196-8 
037 |a Acervo ITESO - Biblioteca 
041 |a ING 
082 |a 539. 72  |b PER 
100 |a Perkins, Donald H.  |e (autor) 
245 1 0 |a Introduction to High Energy Physics /  |c D.H. Perkins. 
250 |a 4a edición 
264 4 |a Cambridge, Inglaterra :  |b Cambridge University,  |c 2003, c2000 
300 |a XIII, 426 p. 
336 |a texto  |b txt  |2 rdacontenido 
337 |a sin mediación  |b n  |2 rdamedio 
338 |a volumen  |b nc  |2 rdasoporte 
649 |a XX 
650 |a Partículas (Física Nuclear) -  |x Tema Principal 
650 |a Radiación de Alta Energía 
650 |a Cromodinámica Cuántica 
650 |a Interacciones Débiles (Física Nuclear) 
650 |a Interacciones Electromagnéticas 
650 |a Campos Electromagnéticos 
650 |a Dispersión Nuclear 
650 |a Astrofísica 
650 |a Física Nuclear 
910 |a Fondo General 
920 |a Impresos - Libros 
930 |a Colección General 
905 |a 101 
901 |a 0500084009  |b IT1  |c ACC  |u 20250521 
902 |a https://opac.biblio.iteso.mx/vufind/Record/000156942